Procesní řízení

Rozvoj krajín tretieho sveta, rozvoj technológií, európska ekonomická integrácia - zmeny v súčasnosti, ktoré vyžadujú zmeny v riadení podnikov. Procesné riadenie orientované na riadenie plánovania, riadenie kontrolingu a riadenie rizík.

Na minha lista:
Detalhes bibliográficos
Autor principal: Havlíček, Karel
Formato: Capítulo de Livro
Idioma:tcheco
Assuntos:
Tags: Adicionar Tag
Sem tags, seja o primeiro a adicionar uma tag!

MARC

LEADER 00000naa a2200000 4500
001 0126201
005 20231129102502.8
041 0 |a cze 
044 |a CZ 
245 1 0 |a Procesní řízení  |c Karel Havlíček 
520 |a Rozvoj krajín tretieho sveta, rozvoj technológií, európska ekonomická integrácia - zmeny v súčasnosti, ktoré vyžadujú zmeny v riadení podnikov. Procesné riadenie orientované na riadenie plánovania, riadenie kontrolingu a riadenie rizík. 
610 2 0 |a riadenie procesné 
610 2 0 |a riadenie rizík 
610 2 0 |a plánovanie 
610 2 0 |a plán strategický 
610 2 0 |a riadenie strategické 
610 2 0 |a riadenie operatívne 
610 2 0 |a kontroling 
100 1 |a Havlíček, Karel